000 00246nam a2200109Ia 4500
008 190216s9999||||xx |||||||||||||| ||und||
100 _aAnanda Kuttan
245 0 _aAshareeri
260 _bVeenus Press
650 _aMalayalam Nadakam
942 _cBK
999 _c24278
_d24278